WWE - Christian's PPV Opponents - Statistics

General Stats
  • This quiz has been taken 619 times
  • The average score is 122 of 179
Answer Stats
Year Event Match Type Opponent % Correct
2001 Unforgiven Edge
95%
2001 No Mercy Ladder Match Edge
95%
2001 Rebellion Steel Cage Match Edge
95%
2002 Vengeance Tag Team Match Edge
95%
1999 SummerSlam Tag Team Turmoil Match Jeff Hardy
93%
1999 No Mercy Tag Team Ladder Match Jeff Hardy
93%
2000 No Way Out Tag Team Match Jeff Hardy
93%
2000 WrestleMania 16 Triangle Ladder Match Jeff Hardy
93%
2000 Insurrextion Tag Team Match Jeff Hardy
93%
2000 King of the Ring 4-Team Elimination Match Jeff Hardy
93%
2000 SummerSlam 3-Team TLC Match Jeff Hardy
93%
2000 Unforgiven Tag Team Steel Cage Match Jeff Hardy
93%
2000 Survivor Series 4 vs. 4 Elimination Match Jeff Hardy
93%
2001 WrestleMania X-Seven 3-Team TLC Match Jeff Hardy
93%
2001 Insurrextion 4-Team Elimination Match Jeff Hardy
93%
2002 No Way Out Tag Team Turmoil Match Jeff Hardy
93%
1999 SummerSlam Tag Team Turmoil Match Matt Hardy
93%
1999 No Mercy Tag Team Ladder Match Matt Hardy
93%
2000 No Way Out Tag Team Match Matt Hardy
93%
2000 WrestleMania 16 Triangle Ladder Match Matt Hardy
93%
2000 Insurrextion Tag Team Match Matt Hardy
93%
2000 King of the Ring 4-Team Elimination Match Matt Hardy
93%
2000 SummerSlam 3-Team TLC Match Matt Hardy
93%
2000 Unforgiven Tag Team Steel Cage Match Matt Hardy
93%
2000 Survivor Series 4 vs. 4 Elimination Match Matt Hardy
93%
2001 WrestleMania X-Seven 3-Team TLC Match Matt Hardy
93%
2001 Backlash Triple Threat Match Matt Hardy
93%
2001 Insurrextion 4-Team Elimination Match Matt Hardy
93%
2002 No Way Out Tag Team Turmoil Match Matt Hardy
93%
2000 WrestleMania 16 Triangle Ladder Match Bubba Ray Dudley
91%
2000 SummerSlam 3-Team TLC Match Bubba Ray Dudley
91%
2000 Survivor Series 4 vs. 4 Elimination Match Bubba Ray Dudley
91%
2000 Rebellion 3-Team Match Bubba Ray Dudley
91%
2000 Armageddon 4-Team Match Bubba Ray Dudley
91%
2001 Royal Rumble Tag Team Match Bubba Ray Dudley
91%
2001 No Way Out 3-Team Tables Match Bubba Ray Dudley
91%
2001 WrestleMania X-Seven 3-Team TLC Match Bubba Ray Dudley
91%
2001 Insurrextion 4-Team Elimination Match Bubba Ray Dudley
91%
2002 Unforgiven 8-Man Tag Team Match Bubba Ray Dudley
91%
2002 Armageddon 4-Team Elimination Match Bubba Ray Dudley
91%
2003 Survivor Series 5 vs. 5 Elimination Match Bubba Ray Dudley
91%
2000 WrestleMania 16 Triangle Ladder Match D-Von Dudley
91%
2000 SummerSlam 3-Team TLC Match D-Von Dudley
91%
2000 Survivor Series 4 vs. 4 Elimination Match D-Von Dudley
91%
2000 Rebellion 3-Team Match D-Von Dudley
91%
2000 Armageddon 4-Team Match D-Von Dudley
91%
2001 Royal Rumble Tag Team Match D-Von Dudley
91%
2001 No Way Out 3-Team Tables Match D-Von Dudley
91%
2001 WrestleMania X-Seven 3-Team TLC Match D-Von Dudley
91%
2001 Insurrextion 4-Team Elimination Match D-Von Dudley
91%
2002 Armageddon 4-Team Elimination Match D-Von Dudley
91%
2003 Survivor Series 5 vs. 5 Elimination Match D-Von Dudley
91%
2009 Survivor Series 5 vs. 5 Elimination Match Randy Orton
90%
2011 Over the Limit Randy Orton
90%
2011 Capitol Punishment Randy Orton
90%
2011 Money in the Bank Randy Orton
90%
2011 SummerSlam No Holds Barred Match Randy Orton
90%
2014 Elimination Chamber Elimination Chamber Match Randy Orton
90%
2005 Vengeance Triple Threat Match John Cena
88%
2014 Elimination Chamber Elimination Chamber Match John Cena
88%
2001 No Way Out 3-Team Tables Match Kane
88%
2002 Unforgiven 8-Man Tag Team Match Kane
88%
2001 Judgment Day Tag Team Turmoil Match Chris Jericho
87%
2003 Unforgiven Triple Threat Match Chris Jericho
87%
2004 WrestleMania XX Chris Jericho
87%
2004 Backlash 2-on-1 Mixed Handicap Match Chris Jericho
87%
2004 Unforgiven Ladder Match Chris Jericho
87%
2005 Vengeance Triple Threat Match Chris Jericho
87%
2000 King of the Ring 4-Team Elimination Match Test
87%
2000 Rebellion 3-Team Match Test
87%
2000 King of the Ring 4-Team Elimination Match Albert
80%
2000 Rebellion 3-Team Match Albert
80%
2001 No Way Out 3-Team Tables Match The Undertaker
77%
2001 Judgment Day Tag Team Turmoil Match Chris Benoit
75%
2005 No Mercy Fatal 4-Way Match Chris Benoit
75%
2009 The Bash Championship Scramble Match Mark Henry
74%
2001 King of the Ring KOTR Semi-Finals Kurt Angle
71%
2011 Extreme Rules Ladder Match Alberto Del Rio
70%
2013 SummerSlam Alberto Del Rio
70%
2011 Hell in a Cell Sheamus
70%
2011 Vengeance Sheamus
70%
2014 Elimination Chamber Elimination Chamber Match Sheamus
70%
2002 SummerSlam Tag Team Match Booker T
69%
2002 Unforgiven 8-Man Tag Team Match Booker T
69%
2002 No Mercy Tag Team Match Booker T
69%
2002 Armageddon 4-Team Elimination Match Booker T
69%
2003 Insurrextion Booker T
69%
2003 Bad Blood Booker T
69%
2003 Survivor Series 5 vs. 5 Elimination Match Booker T
69%
2005 The Great American Bash Booker T
69%
2005 No Mercy Fatal 4-Way Match Booker T
69%
2003 Survivor Series 5 vs. 5 Elimination Match Shawn Michaels
69%
2001 Backlash Triple Threat Match Eddie Guerrero
68%
2003 Unforgiven Triple Threat Match Rob Van Dam
68%
2003 Survivor Series 5 vs. 5 Elimination Match Rob Van Dam
68%
2009 Survivor Series 5 vs. 5 Elimination Match CM Punk
67%
2009 Backlash Jack Swagger
66%
2009 Judgment Day Jack Swagger
66%
2009 Extreme Rules Triple Threat Hardcore Match Jack Swagger
66%
2009 The Bash Championship Scramble Match Jack Swagger
66%
2000 Backlash Tag Team Match Road Dogg
64%
2002 Armageddon 4-Team Elimination Match William Regal
64%
2005 New Year's Revolution Tag Team Match William Regal
64%
2009 SummerSlam William Regal
64%
2009 Breaking Point William Regal
64%
2009 Survivor Series 5 vs. 5 Elimination Match William Regal
64%
2000 Backlash Tag Team Match X-Pac
64%
2014 Elimination Chamber Elimination Chamber Match Daniel Bryan
63%
1999 Unforgiven Tag Team Match Mr. Ass
63%
2001 Insurrextion 4-Team Elimination Match X-Pac
63%
2012 Over the Limit Cody Rhodes
62%
2012 No Way Out Cody Rhodes
62%
2003 Armageddon Battle of the Sexes Match Lita
62%
1999 Unforgiven Tag Team Match Road Dogg
62%
2000 Armageddon 4-Team Match Road Dogg
62%
2009 Survivor Series 5 vs. 5 Elimination Match Cody Rhodes
61%
2003 Armageddon Battle of the Sexes Match Trish Stratus
61%
2004 Survivor Series Shelton Benjamin
60%
2009 Tables, Ladders & Chairs Ladder Match Shelton Benjamin
60%
2002 SummerSlam Tag Team Match Goldust
57%
2002 Unforgiven 8-Man Tag Team Match Goldust
57%
2002 No Mercy Tag Team Match Goldust
57%
2002 Armageddon 4-Team Elimination Match Goldust
57%
1999 Backlash 6-Man Tag Team Match Faarooq
56%
1999 SummerSlam Tag Team Turmoil Match Faarooq
56%
1999 Rebellion 3-Team Tag Team Match Faarooq
56%
2000 Fully Loaded Tag Team Match Faarooq
56%
1999 Backlash 6-Man Tag Team Match Bradshaw
54%
1999 No Mercy (UK) 6-Man Tag Team Match Bradshaw
54%
1999 SummerSlam Tag Team Turmoil Match Bradshaw
54%
1999 Rebellion 3-Team Tag Team Match Bradshaw
54%
2000 Fully Loaded Tag Team Match Bradshaw
54%
2014 Elimination Chamber Elimination Chamber Match Cesaro
53%
2009 Extreme Rules Triple Threat Hardcore Match Tommy Dreamer
53%
2009 The Bash Championship Scramble Match Tommy Dreamer
53%
2009 Night of Champions Tommy Dreamer
53%
2000 Judgment Day 6-Man Tag Team Match Rikishi
52%
2010 Royal Rumble Ezekiel Jackson
50%
1999 Survivor Series 4 vs. 4 Elimination Match Scotty 2 Hotty
49%
2000 Judgment Day 6-Man Tag Team Match Scotty 2 Hotty
49%
2000 King of the Ring 4-Team Elimination Match Scotty 2 Hotty
49%
2001 Invasion Tag Team Match Lance Storm
48%
2002 Armageddon 4-Team Elimination Match Lance Storm
48%
2001 Vengeance Tag Team Match Albert
47%
2002 No Way Out Tag Team Turmoil Match Albert
47%
1998 Rock Bottom 6-Man Tag Team Match Bob Holly
47%
1999 No Mercy (UK) 6-Man Tag Team Match Faarooq
47%
1999 SummerSlam Tag Team Turmoil Match Prince Albert
47%
1999 Rebellion 3-Team Tag Team Match Crash Holly
46%
1999 Survivor Series 4 vs. 4 Elimination Match Crash Holly
46%
1999 Rebellion 3-Team Tag Team Match Hardcore Holly
46%
1999 Survivor Series 4 vs. 4 Elimination Match Hardcore Holly
46%
2009 Survivor Series 5 vs. 5 Elimination Match Ted DiBiase
46%
1999 Survivor Series 4 vs. 4 Elimination Match Grandmaster Sexay
44%
2000 Judgment Day 6-Man Tag Team Match Grandmaster Sexay
44%
2000 King of the Ring 4-Team Elimination Match Grandmaster Sexay
44%
2002 Vengeance Tag Team Match Hollywood Hulk Hogan
42%
2001 Vengeance Tag Team Match Scotty 2 Hotty
42%
2002 No Way Out Tag Team Turmoil Match Scotty 2 Hotty
42%
2002 WrestleMania X8 Diamond Dallas Page
41%
2009 The Bash Championship Scramble Match Finlay
39%
2005 New Year's Revolution Tag Team Match Eugene
36%
1998 Rock Bottom 6-Man Tag Team Match Al Snow
35%
2001 Survivor Series Al Snow
35%
1999 No Mercy (UK) 6-Man Tag Team Match Viscera
32%
1999 SummerSlam Tag Team Turmoil Match Viscera
32%
1998 Capital Carnage Mixed Tag Team Match Marc Mero
28%
1999 Backlash 6-Man Tag Team Match Mideon
26%
1999 SummerSlam Tag Team Turmoil Match Mideon
26%
1998 Capital Carnage Mixed Tag Team Match Jacqueline
25%
2001 Insurrextion 4-Team Elimination Match Justin Credible
24%
2000 Armageddon 4-Team Match K-Kwik
24%
1998 Judgment Day Taka Michinoku
23%
2005 No Mercy Fatal 4-Way Match Orlando Jordan
22%
2000 Armageddon 4-Team Match The Goodfather
21%
2000 Armageddon 4-Team Match Bull Buchanan
20%
2001 Invasion Tag Team Match Mike Awesome
19%
1999 SummerSlam Tag Team Turmoil Match Droz
16%
1998 Rock Bottom 6-Man Tag Team Match Scorpio
15%
No matching quizzes found
Score Distribution
Percent of People with Each Score
Percentile by Number Answered
Your Score History
You have not taken this quiz